Klasa B 2025/2026, grupa: Krosno Odrzańskie - Statystyki

Ogólne statystyki
  • Ten quiz został rozwiązany 5 razy
  • Średni wynik to 8 z 13
Statystyki odpowiedzi
2024/25 miejsce Odpowiedź % Poprawnych
4 Tęcza II Krosno Odrzańskie
100%
9 (2020/2021) Odra Radnica
80%
8 Energetyk Dychów
60%
2 Nafta Rybaki
60%
Debiut Płomień II Chlebowo
60%
11 Polesie Białków
60%
5 Sparta Nietkowice
60%
5 (gr. Gorzów III) Syrena Cybinka
60%
7 (Klasa A 2018/19) Tramp Osiecznica
60%
7 Zieloni Łagów
60%
10 Kruszywo Raduszec Stary
40%
6 Zorza Grzmiąca
40%
3 Czarni Czarnowo
20%
Nie znaleziono quizów pasujących do podanych kryteriów
Rozkład punktacji
Procent ludzi z każdym wynikiem
Percentyl według liczby udzielonych odpowiedzi
Twoja historia wyników
Nie rozwiązałeś tego quizu